000 004290000a22001810004500
003 MACL
005 20160119170437.0
008 160119b xxu||||| |||| 00| 0 eng d
040 _aMACL
_cMACL
041 _aEnglish
082 _a005.436/LUC
100 _aBulka, Dov
_933360
245 _aJava
260 _bAddison Wesley
_c2001
_aBoston
350 _a395
650 _aComputer programing
_933180
942 _cBK
_k005/Bul
_2ddc
999 _c32452
_d32452